Využívanie daňových stimulov podnikateľských subjektov v daňovm systéme Slovenskej republiky a ich komparácia so svetom diplomová práca

Na minha lista:
Detalhes bibliográficos
Autor principal: Želiar, Adam
Autor Corporativo: Fakulta podnikového manažmentu EU. Katedra podnikových financií
Outros Autores: Lénártová, Gizela
Formato: Livro
Idioma:eslovaco
Publicado em: Bratislava 2017
Tags: Adicionar Tag
Sem tags, seja o primeiro a adicionar uma tag!

MARC

LEADER 00000nbm a2200000 4500
001 0232352
005 20171018102959.0
041 0 |a slo 
044 |a SK 
245 1 0 |a Využívanie daňových stimulov podnikateľských subjektov v daňovm systéme Slovenskej republiky a ich komparácia so svetom  |b diplomová práca  |c Adam Želiar ; školiteľ: Gizela Lénártová 
264 1 |a Bratislava  |c 2017 
300 |a 78 s. 
100 1 |a Želiar, Adam 
700 1 |a Lénártová, Gizela 
710 2 |a Fakulta podnikového manažmentu EU. Katedra podnikových financií